| 000 | 01145nab a2200289 u 4500 | ||
|---|---|---|---|
| 001 | 12937 | ||
| 003 | HDC | ||
| 007 | cr bn ---aaaaa | ||
| 008 | 210201b20100122my ||||| |||| 00| 0 may d | ||
| 040 | _aHDC | ||
| 100 |
_aNorzainura Abdul Majid, _eauthor _ephotographer _99714 |
||
| 245 | 0 |
_aBekas graduan kini tauke tempe / _cNorzainura Abdul Majid |
|
| 260 |
_aKuala Lumpur : _bUtusan Melayu (M) Bhd., _c2010 |
||
| 300 | _a1 online resource | ||
| 336 |
_atext _2rdacontent |
||
| 337 |
_acomputer _2rdamedia |
||
| 338 |
_aonline resource _2rdacarrier |
||
| 650 |
_aEntrepreneurship _9209 |
||
| 650 |
_aSmall business _9208 |
||
| 700 |
_aNorzainura Abdul Majid, _ephotographer _99714 |
||
| 710 |
_aUtusan Malaysia _eissung body |
||
| 856 | _zRequest full-text at [email protected] | ||
| 856 | _zRequest full-text at [email protected] | ||
| 942 | _2lcc | ||
| 942 | _cNEWS | ||
| 942 | _kNWSC 000003 | ||
| 999 |
_c10253 _d10253 |
||